LIBRARY & INFORMATION CENTRE, KCAET, TAVANUR

ONLINE PUBLIC ACCESS CATALOGUE (OPAC)

Food and Dairy Microbiology (Record no. 14377)

MARC details
000 -LEADER
fixed length control field 00724nam a22001577a 4500
003 - CONTROL NUMBER IDENTIFIER
control field OSt
008 - FIXED-LENGTH DATA ELEMENTS--GENERAL INFORMATION
fixed length control field 220203b ||||| |||| 00| 0 eng d
020 ## - INTERNATIONAL STANDARD BOOK NUMBER
ISBN 9788190454384
082 ## - DEWEY DECIMAL CLASSIFICATION NUMBER
Classification number 664.001579
Item number RAO/FO
100 ## - MAIN ENTRY--AUTHOR NAME
Personal name Rao,M.K
245 ## - TITLE STATEMENT
Title Food and Dairy Microbiology
260 ## - PUBLICATION, DISTRIBUTION, ETC. (IMPRINT)
Place of publication Delhi
Name of publisher Manglam Publishers & Distributors
Year of publication 2007
300 ## - PHYSICAL DESCRIPTION
Number of Pages 306
505 ## - FORMATTED CONTENTS NOTE
Formatted contents note 1. Introduction. 2. Studying microbes in labs. 3. Microscopic examination. 4. Source of microorganisms. 5. Growth of microbes. 6. Micro organisms in food. 7. Microbial culture for fermentation. 8. Microbial fermentation. 9. Microbes enzyme production. 10. Microbiology of milk and milk products. 11. Dairy products. 12. Industrial fermentation
942 ## - ADDED ENTRY ELEMENTS (KOHA)
Koha item type Books
Holdings
Withdrawn status Lost status Damaged status Collection code Home library Current library Shelving location Date acquired Source of acquisition Cost, normal purchase price Full call number Accession Number Koha item type
        KAUAET KAUAET General Stacks 25/06/2016 Universal Research Books, Thrissur 750.00 664.001579 RAO/FO 23945 Books
free website counter